00425cam a22000977a 4500008004000000082001600040245018500056260004100241300001000282700003500292180718b1984 xxu||||| |||| 00| 0 eng d aY4x54 In2re aReport of the sub-group of the working group on forestry and soil and water conservation five year plan (1985-90) for soil and water conservationcby Ministry of Agriculture, India aDelhibMinistry of Agriculturec1984 a86+p. aIndia. Ministry of Agriculture